| 000 | 00600nam a2200253Ia 4500 | ||
|---|---|---|---|
| 008 | 160321s9999||||xx |||||||||||||| ||und|| | ||
| 040 | _cHindi | ||
| 082 | _aXI.C Goenka | ||
| 082 | _bBORI-76290 | ||
| 100 | _aJaydayal Goenka | ||
| 245 | _aShri Prem Bhaktiprakash | ||
| 300 | _a16 | ||
| 300 | _cA | ||
| 300 | _ePaperback | ||
| 530 | _u00034217.pdf | ||
| 563 | _aStudy | ||
| 600 | _aJaydayal Goenka | ||
| 630 | _aShri Prem Bhaktiprakash | ||
| 650 | _aGeneral Indology | ||
| 650 | _aPhilosophy | ||
| 700 | _aJaydayal Goenka | ||
| 730 | _aShri Prem Bhaktiprakash | ||
| 942 | _cBOOK | ||
| 999 |
_c1369682 _d1369679 |
||